• 首页
  • 本馆介绍
  • 公告通知
  • 最新文献
  • 馆藏检索
  • 电子资源
  • 读者导购
  • 参考咨询
  • 我的图书馆
  • 登录
  • 详细信息显示
  • 放入我的书架
  • 预约/预借图书
  • 作者相关作品
  • 分类相关作品
  • 丛书相关作品
  • 出版社相关作品

书目信息

  • 表格格式
  • 工作单格式
  • 卡片格式
题名:
实分析基础
    
 
作者: 丁善瑞 编著
分册:  
出版信息: 杭州   浙江大学出版社  1990
页数: 378页
开本: 32开
丛书名:
单 册:
中图分类: O174.1
科图分类:
主题词: 数学分析
电子资源:
ISBN: 7-308-00408-2
000 00531nam0 2200193 45
001 0110301574
005 20031219104051.3
010    @a7-308-00408-2@dCNY3.20
100    @a20011030d1990 km y0chiy0120 ea
101 0  @achi
105    @a z 000yy
200 1  @a实分析基础@AShi Fen Xi Ji Chu@f丁善瑞编著@FDing Shan Rui Bian Zhu
210    @a杭州@c浙江大学出版社@d1990
215    @a378页@d32开
606 0  @a数学分析
690    @aO174.1@v4
701    @a丁善瑞@4编著
801    @aCN@bTSTC@c20011030
905    @f5@b300225-229@dO174.1@e109
    
    实分析基础/丁善瑞编著.-杭州:浙江大学出版社,1990
    378页;32开
    
    
    ISBN 7-308-00408-2:CNY3.20
    
●
相关链接 在E读中查询图书 在五车中查询图书 在当当中查询图书 在豆瓣中查询图书


正题名:实分析基础     索取号:O174.1/109         预约/预借

序号 登录号 条形码 馆藏地/架位号 状态 备注
1 0300225   203002259   第三借阅区/ [索取号:O174.1/109] 在馆    
2 0300226   203002268   第三借阅区/ [索取号:O174.1/109] 在馆    
3 0300227   203002277   第三借阅区/ [索取号:O174.1/109] 在馆    
4 0300228   203002286   第三借阅区/ [索取号:O174.1/109] 在馆    
5 0300229   203002295   第二样本阅览室/ [索取号:O174.1/109] 在馆    
唐山师范学院图书馆 欢迎您!
大连网信软件有限公司© 版权所有